El lenguaje del cambio: nueva técnica de la comunicación terapéutica

Uloženo v:
Podrobná bibliografie
Hlavní autor: Watzlawick, Paul (Autor)
Médium: Kniha
Jazyk:španělština
Vydáno: Barcelona Herder 1992
Vydání:5a. ed
Edice:Biblioteca de Psicología, 69
Témata:
Tagy: Přidat tag
Žádné tagy, Buďte první, kdo vytvoří štítek k tomuto záznamu!

MARC

LEADER 00000nam a2200000 a 4500
001 UCN0486
003 CL-VaPUC
008 010323e19920000SP |||||||||||||||||spa|d
020 |a 842541122X 
082 0 4 |a 616.8914  |b WAT  |2 21 
100 0 |a Watzlawick, Paul  |e author  |9 455741 
245 1 3 |a El lenguaje del cambio: nueva técnica de la comunicación terapéutica 
250 |a 5a. ed 
300 |a 170 p 
942 |c BK 
945 |d 20010323 00:00:00  |a vberengu 
260 |a Barcelona  |b Herder  |c 1992 
650 0 |a Comunicación   |9 257251 
650 0 |a Comunicación interpersonal   |9 307498 
650 0 |a Lingüística  |9 265068 
650 7 |a PSICOTERAPIA  |2 CL-VaPUC  |9 455742 
583 |a last modification  |c 20130306 01:03:10  |k Rodrigo Vera 
490 0 |a Biblioteca de Psicología, 69 
999 |c 294234  |d 294232 
952 |0 0  |1 0  |4 0  |6 616_891400000000000_WAT_1992  |7 0  |8 A  |9 346332  |a BIBEDU  |b BIBEDU  |d 2019-11-20  |i 3702227  |o 616.8914 WAT 1992  |p 3702227  |r 2019-11-20  |w 2019-11-20  |y BK  |k LIT 
952 |0 0  |1 0  |4 0  |6 616_891400000000000_WAT_1992  |7 0  |8 A  |9 346333  |a BIBEDU  |b BIBEDU  |d 2019-11-20  |i 4677420  |o 616.8914 WAT 1992  |p 4677420  |r 2019-11-20  |w 2019-11-20  |y BK  |k EPE